000 00799nam a22002292 4500
001 0000021555
005 20151217161202.0
008 120719s xx 000 0 eng d
020 _a0310248781 :
040 _aKABU
_cKABU
100 1 _aMounce, William D.
_@0000182484
245 1 0 _aMounce's complete expository dictionary of Old & New Testament words /
_cWilliam D. Mounce, general ed.
250 _a1st ed.
260 _aGrand Rapids :
_bZondervan,
_c2006.
300 _axxvi, 6060 p.
650 0 _aBible
_vDictionaries.
_@0000148983
650 0 _aHebrew language
_vDictionaries
_xEnglish.
_@0000148966
650 0 _aGreek language, Biblical
_vDictionaries
_xEnglish.
_@0000152005
852 1 _9p1420 KES
908 _a120719
950 _@1
999 _c15271
_d15271